Process heating

Detalles Bibliográficos
Formato: Electrónico Revista
Lenguaje:inglés
Publicado: Troy, MI : Business News Publishing Company
Troy, MI : BNP Media
Materias:
Acceso en línea:Full text available from Research Library: 01/01/1999 to present

MARC

LEADER 00000nas a22000007i 4500
001 ssj0012670
003 WaSeSS
005 20200512172242.0
006 m d
007 cr n
008 010821c199u9999miumr p s 0 a0eng
010 |a  2013200384 
016 7 |a 2439630-8  |2 DE-600 
022 |a 2328-9996  |y 1077-5870 
035 |a (WaSeSS)ssj0012670 
037 |b BNP Media, 2401 Big Beaver Rd., Troy, MI 48084 
040 |a HNK  |b eng  |c HNK  |d OCLCQ  |d B3G  |d HEBIS  |d OCLCQ  |d DLC  |d OCLCQ  |d OCLCF  |d OCLCO  |d DLC  |d AU@  |d VT2  |d WaSeSS 
042 |a pcc  |a nsdp 
082 1 0 |a 697  |2 23 
210 0 |a Process heat.  |b (Online) 
222 0 |a Process heating  |b (Online) 
245 0 0 |a Process heating  |h [electronic resource]. 
260 |a Troy, MI :  |b Business News Publishing Company 
260 |3 <Mar. 2013-> :  |a Troy, MI :  |b BNP Media 
310 |a Monthly,  |b <Mar. 2013-> 
321 |a Monthly (except bimonthly in Jan. and Feb.) 
362 1 |a Began with: [vol. 1, no. 1] (May/June 1994). 
506 |a License restrictions may limit access. 
588 |a Description based on print. 
588 |a Latest issue consulted: V. 20, no. 3 (March 2013) (process-heating.com, viewed May 14, 2013). 
650 0 |a Furnaces  |v Periodicals. 
650 7 |a Furnaces.  |2 fast  |0 (OCoLC)fst00936452 
655 0 |a Electronic journals. 
776 0 8 |i Print version:  |t Process heating  |x 1077-5870  |w (DLC) 94660885  |w (OCoLC)30839798 
856 4 0 |z Full text available from Research Library: 01/01/1999 to present  |u https://search.proquest.com/publication/34361